[Event "Corus"]
[Site "Wijk aan Zee"]
[Date "2003.01.16"]
[Round "5"]
[White "Radjabov, Teimour"]
[Black "Timman, Jan H"]
[Result "1-0"]
[WhiteElo "2624"]
[BlackElo "2594"]
[Annotator "Finkel,A"]
[PlyCount "107"]
[EventDate "2003.01.11"]
[EventType "tourn"]
[EventRounds "13"]
[EventCountry "NED"]
[EventCategory "18"]
[SourceTitle "CBM 093"]
[Source "ChessBase"]
[SourceDate "2003.04.01"]
[SourceVersion "1"]
[SourceVersionDate "2003.04.01"]
[SourceQuality "1"]

1. d4 Nf6 2. c4 e6 3. Nf3 b6 4. g3 Ba6 5. Nbd2 Bb4 6. Qc2 Bb7 7. Bg2 Be4 {
Typical manouver for this structure. Black improves position of the bishop
before taking on d2.} 8. Qd1 O-O (8... Bxd2+ 9. Bxd2 O-O 10. O-O d6 11. Bc3 Qe7
(11... Nbd7 12. Re1 Qe7 (12... d5 13. Qa4 a5 14. cxd5 exd5 15. Bh3 c5 16. Qb5
Qc7 $13 {Adorjan,A-Hansen,C/Esbjerg 1988}) 13. Bh3 c5 14. Nd2 Bc6 15. b3 cxd4
16. Bxd4 Rad8 17. Qc2 Ne5 18. e4 Qb7 19. Bg2 Ned7 20. b4 Qa8 21. h3 $14 {
Epishin,V-Solozhenkin,E/Leningrad 1986}) 12. Qd2 Nbd7 13. Qe3 Rfe8 14. Rfd1 Bb7
15. Bh3 Ne4 16. Be1 c5 17. Bg2 Ndf6 18. Nd2 cxd4 19. Qxd4 e5 20. Qd3 Nc5 21.
Qa3 Bxg2 22. Kxg2 Qb7+ $11 {Grivas,E-Kotronias,V/Karditsa 1984}) 9. O-O Bxd2
10. Qxd2 (10. Bxd2 a5 11. Rc1 d6 12. c5 Na6 13. cxd6 cxd6 14. Qa4 Qb8 15. Qa3
h6 16. Rfd1 Rd8 17. Ne1 Bxg2 18. Kxg2 Qb7+ 19. f3 {1/2-1/2 Grivas,E-Balashov,Y/
Dortmund 1992/TD (19)}) 10... d6 11. b3 Nbd7 12. Bb2 Qe7 (12... Qb8 13. Rac1 a5
14. a3 b5 15. c5 h6 16. Bh3 Bd5 17. Qd3 Ne4 18. Bg2 b4 19. a4 Ndf6 20. Ne1 $14
{Blees,A-Romanishin,O/Kecskemet 1989}) (12... a5 13. Nh4 (13. Rfd1 a4 14. Bh3
Bxf3 15. exf3 d5 16. f4 g6 17. Bf1 c6 $11 {Ivanchuk,V-Anand,V/Monte Carlo 2001}
) (13. Rac1 a4 14. b4 a3 15. Ba1 b5 16. cxb5 Qb8 $44 {Tal,M-Bronstein,D/
Tallinn 1981}) 13... Bxg2 14. Nxg2 a4 15. Qc2 c5 $11 {Huebner,R-Lobron,E/
Munich 1991}) 13. Rac1 $6 {Strange decision. Rook has nothing to do on c1.
More logical was to put it on d1.} (13. Rfe1 Rfd8 14. Rad1 a5 15. Qc3 c5 16.
Nh4 Bxg2 17. Nxg2 cxd4 18. Qxd4 Nc5 19. Ne3 e5 20. Qh4 $14 {Buhr,C-Gustafsson,
J/Hamburg 1999}) 13... Rfe8 14. Rfe1 h6 15. Qc3 {A bit slow, but possible
continuation. Serous alternative was} (15. Bh3 $5 a5 16. Nh4 a4 17. f3 Bb7 18.
e4 axb3 19. axb3 Ra2 20. Rc2 $14) 15... a5 16. Bh3 Bb7 17. Nd2 e5 18. e4 (18.
d5 c6 19. dxc6 Bxc6 20. e4 Nc5 21. f3 Bd7 22. Bg2 Rec8 23. a4 $14 {[%cal Gd2f1,
Gf1e3]}) 18... exd4 19. Qxd4 Nc5 20. f4 $2 {[%csl Re4] Bad move. White had to
play 20.f3 not weakening a pawn on e4.} (20. f3) 20... Rad8 21. Bg2 Rd7 $1 {
[%csl Re4][%cal Ge7d8,Gd7e7] Preparing to bring the rook to e7.} 22. a3 Qd8 23.
Re2 (23. b4 Na4 24. Ba1 c5 25. Qf2 cxb4 26. axb4 axb4 27. Bh3 Rc7 28. e5 dxe5
29. fxe5 Nh7 $15) 23... d5 $1 $17 {[%cal Gd7d2] Taking advantage of the fact
that white rook on e2 is unprotected.} 24. cxd5 (24. e5 $2 dxc4 25. Qc3 Bxg2
26. Kxg2 Rd3 $19) 24... Bxd5 $5 {Black keeps an advantage with this move as
well, but much more convincing was} (24... Rxd5 $142 $1 25. exd5 (25. Qc3 Rd3
26. Qc2 Nfxe4 27. Nxe4 Bxe4 28. Rce1 Re6 $1 29. Bxe4 $140 Rxe4 30. Rxe4 Nxe4
31. Rxe4 Rd1+ 32. Kf2 Rd2+ $19) 25... Rxe2 26. b4 axb4 27. axb4 Bxd5 28. Bf1
Rxd2 29. Qxd2 Nb3 30. Bxf6 gxf6 $17) 25. Qc3 Bb7 26. Qc2 Nd3 27. Bxf6 $6 (27.
Rb1 $5 Nxb2 28. Rxb2 $15) 27... Qxf6 28. Rf1 Qd4+ 29. Kh1 Nc5 {[%csl Ra3,Rb3,
Re4]} 30. Nf3 Qd3 $1 {White can't protect both his pawns on the queenside and
e4} 31. b4 Ba6 (31... Qxc2 32. Rxc2 Bxe4 33. Re2 axb4 34. axb4 Nd3 $17) 32.
Rfe1 Qxc2 33. Rxc2 Nd3 34. Rb1 (34. Rd2 axb4 35. axb4 Nxe1 36. Rxd7 Nxg2 37.
Kxg2 Rxe4 38. Rxc7 Rxb4 $17) 34... axb4 35. axb4 Nxb4 $4 {Throwing away well
played game. May be Timman forgot that white may just play Ng1 after check.} (
35... Rxe4 36. b5 Bb7 (36... Rb4 $2 37. Rxb4 Nxb4 38. bxa6 {[%cal Ga6a8]} Nxc2
39. a7 Rd8 40. Nd2 $16) 37. Rd2 Ree7 $17) 36. Rxb4 Rd1+ 37. Ng1 $18 c5 38. Rxb6
Bd3 39. Rc3 Ra8 40. Bf3 Rd2 41. Rxd3 (41. e5 $2 Raa2 {[%csl Rh2]} 42. Nh3 Ra1+
43. Ng1 Raa2 $11) 41... Rxd3 42. e5 Rad8 43. Kg2 Kf8 44. Rc6 Rc3 45. Ne2 Rc4
46. Kf2 Rb8 47. Bd5 Rc2 48. Be4 Rc4 (48... Rd2 49. Ke3 Rbb2 50. Bd3 $18 {
[%csl Rc5]}) 49. Bd3 Ra4 50. Rxc5 Rd8 51. Bc4 Ra7 52. Ke3 Ra3+ 53. Ke4 Rd7 54.
Rc8+ 1-0

[Event "Corus"]
[Site "Wijk aan Zee"]
[Date "2003.01.18"]
[Round "6"]
[White "Karpov, Anatoly"]
[Black "Radjabov, Teimour"]
[Result "1/2-1/2"]
[WhiteElo "2688"]
[BlackElo "2624"]
[Annotator "Tsesarsky,I"]
[PlyCount "225"]
[EventDate "2003.01.11"]
[EventType "tourn"]
[EventRounds "13"]
[EventCountry "NED"]
[EventCategory "18"]
[SourceTitle "CBM 093"]
[Source "ChessBase"]
[SourceDate "2003.04.01"]
[SourceVersion "1"]
[SourceVersionDate "2003.04.01"]
[SourceQuality "1"]

1. d4 Nf6 2. c4 g6 3. Nc3 Bg7 4. e4 d6 5. Nf3 O-O 6. Be2 e5 7. Be3 Na6 8. O-O
Ng4 9. Bg5 Qe8 10. dxe5 dxe5 11. h3 f6 12. Bd2 Nh6 13. Be3 c6 (13... Nf7 14.
Rb1 {-see commented game 1-0 Kasimdzhanov,R-Golubev,M/Germany 2002/CBM 87 
[Kasimdzhanov,R](39)}) (13... Qe7 14. c5 c6 15. Bxa6 (15. b4 Nf7 16. Qb3 $14 {
1-0 Simutowe,A-Philips,R/Bled 2002/EXT 2003 (59)}) 15... bxa6 16. Qa4 $16 {
[%csl Ra6,Ra7,Rc6]}) 14. c5 (14. b4 Kh8 15. c5 Nxb4 16. Qa4 Na6 17. Bxa6 bxa6
18. Nd2 f5 $132 {1-0 Schenk,A-Balcerak,J/FRA 2002/EXT 2003 (32)}) 14... Nf7 (
14... Nc7 15. Nd2 (15. b4 Nf7 16. Qb3 Ne6 17. Bc4 Kh8 18. Rad1 Qe7 19. Rfe1 Nc7
$14 {[%cal Gc8e6]} (19... f5 20. exf5 gxf5 21. Bc1 e4 22. Nxe4 fxe4 23. Rxe4
Nfd8 24. Ng5 $16 {1-0 Vilela,J-Lopez del Alamo,A/Madrid 2002/CBM 90 ext (35)}))
15... Nf7 16. Nc4 f5 17. exf5 gxf5 18. f4 exf4 19. Bxf4 Nd5 20. Nxd5 cxd5 21.
Nd6 $16 {1-0 Goormachtigh,J-Meessen,R/Geel 2002/CBM 89 ext (29)}) 15. Bc4 {
Probably not the best move.} ({Slight advantage White can receive after} 15.
Nd2 $5 f5 16. f3 f4 17. Bf2 Nc7 18. b4 g5 19. b5 (19. Nc4 $14) 19... h5 20.
bxc6 bxc6 21. Nc4 $14 (21. Na4 $6 Ne6 22. Nb3 Nh6 23. Nb2 g4 24. hxg4 hxg4 25.
fxg4 Ng5 26. Nc4 Nxe4 $17 {0-1 Jelen,I-Tratar,M/Ljubljana 2002/CBM 88 (35)})) (
{I've recommended} 15. Bxa6 $14 {but probably I've overestimated White's
advantage.} bxa6 16. Qa4 (16. Nd2 Rb8 17. b3 f5 18. f3 f4 19. Bf2 Be6 20. Qe2
Qc8 21. Nc4 g5 22. Rfd1 h5 23. Nd6 Nxd6 24. Rxd6 $14 {1-0 Janssen,R-Vedder,R/
Amsterdam 2002/CBM 89 ext (41)}) 16... Rb8 (16... f5 {-see detailed commented
game 1-0 Xu Jun-Motylev,A/Shanghai 2001/CBM 85 [Tsesarsky,I](33)}) 17. b3 (17.
Nd2 $6 f5 $1 18. exf5 gxf5 19. Rfe1 Be6 20. f4 Rxb2 21. Nc4 Bxc4 22. Qxc4 exf4
23. Bxf4 Qd8 24. Bd6 (24. Rad1 Qa5 $17) 24... Rc2 $19 {0-1 Volkov,S-Volokitin,
A/Halkidiki 2002/CBM 92 no vc (39)}) 17... f5 18. Rad1 $14) (15. Qa4 Nc7 16.
Bc4 (16. b4 {-see commented game 1/2-1/2 Gershon,A-Piket,J/Ohrid 2001/CBM 84 
[Tsesarsky,I](52)}) 16... Ne6 17. Rad1 (17. Qc2 Kh8 18. Rfe1 f5 19. Ne2 f4 20.
Bd2 Qe7 21. Bxe6 Bxe6 22. Kh2 g5 $15 {1-0 Barus,C-Damljanovic,B/Bled 2002/EXT
2003 (61)}) 17... f5 18. b4 $14) 15... Nc7 16. Qb3 Ne6 17. Bxe6 $2 $15 {
Very strange...Bc4 is stronger than black N. After f6-f5 position will be
opened, and pair of black BB will be strong.} (17. Ne2 $14) (17. Qc2 $14) 17...
Qxe6 18. Qxe6 Bxe6 19. Rfd1 Rfd8 20. b3 Bf8 21. Na4 Be7 22. Ne1 f5 23. exf5 $6
$17 {This mistake ununderstandable. Black has pair of BB, so position opening
is in his favour. Why Karpov did it? I don't know. He is sophisticated
positional player enough to avoid such things.} ({Normal continuation was} 23.
f3 $142 f4 24. Bf2 g5 $15 {[%cal Gh7h5,Gg5g4]}) 23... gxf5 24. f4 exf4 ({
Maybe White expected} 24... e4 $6 $15) 25. Bxf4 Ng5 $1 {[%cal Gg5e4]} 26. Nd3 (
26. Nf3 Nxf3+ 27. gxf3 Kf7 $17) 26... Ne4 {[%csl Ge4] Black has serious
advantage because of bad passive White's play.} 27. Be3 Bf6 28. Rac1 Bf7 ({
Strong also} 28... Kf7 $17) 29. Nf4 (29. Nf2 Ng3 $17) 29... Be5 30. Kf1 Kg7 31.
Rxd8 Rxd8 32. Ke1 Re8 {[%cal Ge8e1]} ({Interesting is} 32... h5 $17 {
preventing g2-g4.}) 33. Kd1 Ng3 34. Rc2 Bc7 {[%csl Re3,Rf4][%cal Ge8e3,Gc7f4]}
35. Bc1 Ne4 36. Bb2+ Kg8 37. Bc1 h6 (37... h5 $1 $17) 38. g4 $5 {Interesting
decision! White gets rid of material, increasing cances for surviving.} fxg4
39. hxg4 Ng5 $6 (39... Kh7 $17) 40. Nb2 Nf3 {[%csl Rd1][%cal Ge8e1]} 41. Nfd3
Rd8 $6 $11 ({Better was} 41... h5 $1 {In spite of last kingside PP exchange
Black still has initiative, White needs to play precisely:} 42. gxh5 Bxh5 43.
Rg2+ Kh7 44. Kc2 Nd4+ 45. Kd2 (45. Kb1 $2 Bg6 46. Ka1 Be4 47. Rf2 Re7 48. Bf4
Rg7 49. Rd2 Ba5 50. Rd1 Rg2 {[%cal Ga5c3]} 51. Kb1 Bc3 52. Bc1 Rg3 $19 {
[%csl Rd3][%cal Ge4b1]}) 45... Bf3 46. Rf2 Bg3 47. Rf1 b6 48. Kc3 Nb5+ 49. Kc2
Re2+ 50. Bd2 Be4 51. Kd1 Rh2 52. Be1 Bb8 $15 (52... bxc5 53. Bxg3 Nc3+ 54. Kc1
Nxa2+ 55. Kb1 Bxd3+ 56. Kxa2 Rxb2+ 57. Kxb2 Bxf1 $11)) 42. Rg2 Bg6 43. Ke2
Bxd3+ 44. Kxf3 (44. Nxd3 Rxd3 $1 $19) 44... Rf8+ 45. Ke3 Bb1 {[%csl Rc1][%cal
Gc7f4]} 46. Kd4 Bxa2 47. Bxh6 Rf6 48. Nd3 $1 (48. g5 $2 Rf4+ 49. Ke3 Bxb3 50.
Nd3 Rf7 51. g6 Re7+ 52. Kd4 Bd5 53. Rf2 Re4+ 54. Kc3 Re8 55. g7 Ba5+ 56. Kc2
Bf7 $17) 48... Bxb3 49. Rb2 $2 $17 ({Right was} 49. g5 $1 {[%cal Gg5g6]} Rf7
50. g6 Rd7+ 51. Kc3 Be6 52. Re2 Re7 53. Bg5 Re8 54. Bf6 $44) 49... Rxh6 50.
Rxb3 b5 51. cxb6 axb6 (51... Bxb6+ 52. Ke5 Kf7 53. g5 $44) 52. Ra3 Bh2 (52...
Rh4 53. Nf2 Bd6 54. Rf3 Bc5+ 55. Kc3 Kg7 (55... Bxf2 56. Rxf2 Rxg4 57. Rf6 $44)
56. Ne4 Be7 57. Rg3 b5 58. Kd4 Rh1 $17) 53. Ke4 Kf7 54. g5 Rd6 55. Ra2 Bg3 56.
Rc2 c5 $44 (56... Kg6 57. Ne5+ Bxe5 58. Kxe5 Rd5+ 59. Ke4 $11) (56... Re6+ 57.
Kf5 c5 58. Nxc5 Re5+ 59. Kg4 $11) 57. Nxc5 bxc5 58. Rxc5 Kg6 59. Rd5 Ra6 60.
Kf3 Bd6 61. Ke4 Be7 62. Re5 Ra4+ 63. Kd5 Bxg5 {White demonstrates right way to
neutralize Black's initiative, sometimes it is not so easy.} 64. Re4 Ra5+ 65.
Ke6 Ra6+ 66. Ke5 Bf6+ 67. Kf4 Ra1 68. Re6 Rf1+ 69. Kg4 Rh1 70. Re4 Rh5 71. Kf4
Rf5+ 72. Ke3 Be5 73. Rc4 Rf1 74. Rc2 Kf5 75. Kd3 Rd1+ 76. Rd2 Ra1 77. Kc4 Ra8
78. Rf2+ Ke6 79. Rd2 Ra4+ 80. Kc5 Re4 81. Rc2 Bd6+ 82. Kc6 Bf4 83. Rc5 Be3 84.
Rc3 Bd4 85. Rg3 Re2 86. Rg6+ Bf6 87. Rh6 Rc2+ 88. Kb5 Ke5 89. Rh5+ Kd4 90. Rh6
Be5 91. Rb6 Kd5 92. Ka6 Bc7 93. Rb3 Bd6 94. Kb5 Bc5 95. Rd3+ Bd4 96. Rb3 Rc8
97. Kb4 Rc7 98. Kb5 Bc3 99. Ka6 Kc4 100. Rb7 Rc8 101. Rb1 Ra8+ 102. Kb7 Rh8
103. Rc1 Kd4 104. Kc6 Rc8+ 105. Kd7 Rc4 106. Ke6 Ke4 107. Rd1 Bb4 108. Kd7 Rc2
109. Rh1 Bd2 110. Rh2 Ra2 111. Kc6 Ke5 112. Re2+ Kd4 113. Rg2 1/2-1/2

[Event "Corus"]
[Site "Wijk aan Zee"]
[Date "2003.01.20"]
[Round "8"]
[White "Ponomariov, Ruslan"]
[Black "Radjabov, Teimour"]
[Result "0-1"]
[WhiteElo "2734"]
[BlackElo "2624"]
[Annotator "Tsesarsky,I"]
[PlyCount "76"]
[EventDate "2003.01.11"]
[EventType "tourn"]
[EventRounds "13"]
[EventCountry "NED"]
[EventCategory "18"]
[SourceTitle "CBM 093"]
[Source "ChessBase"]
[SourceDate "2003.04.01"]
[SourceVersion "1"]
[SourceVersionDate "2003.04.01"]
[SourceQuality "1"]

1. Nf3 {Ftacnik} Nf6 2. c4 g6 3. Nc3 Bg7 4. e4 d6 5. d4 O-O 6. Be2 e5 7. O-O
Nc6 8. d5 Ne7 9. b4 Nh5 10. Re1 f5 11. Ng5 Nf6 12. f3 Kh8 $132 {White Ng5 will
jump to e6 and will be exchanged by Bc8. Pe6 wil be rather weakness than
powerful P. White will not be able to protect the Pe6 and therefore opening
results are in Black's favour.} (12... Nh5 {-see detailed commented game 1-0
Bareev,E-Radjabov,T/Wijk aan Zee 2003/CBM 93_01[Tsesarsky,I] (32)}) 13. Rb1 {
New move. Position evaluation however doesn't change.} (13. Be3 Ne8 14. Rc1 (
14. c5 f4 15. Bf2 Nxd5 16. Nxd5 Qxg5 17. cxd6 cxd6 18. Rc1 Be6 19. Bf1 Rd8 20.
Re2 $44 {0-1 Korobov,A-Volokitin,A/Kharkov 2001/EXT 2002 (33)}) 14... c6 {
-see commented game 1-0 Kramnik,V-Ivanchuk,V/Monte Carlo 2000/CBM 76 [Huzman,A]
(23)}) (13. a4 a5 (13... Ne8 $6 14. c5 $1 a5 15. bxa5 dxc5 16. a6 bxa6 (16...
b6 17. a5 $16) 17. Be3 Qd6 18. Bc4 Rb8 19. Ne6 Bxe6 20. dxe6 Nc6 21. Bxa6 Nd4
22. Bc4 $16 {1/2-1/2 Shneider,A-Volokitin,A/Alushta 2001/EXT 2002 (49)}) 14.
bxa5 (14. b5 h6 15. Ne6 Bxe6 16. dxe6 fxe4 17. fxe4 c6 $132) 14... Rxa5 $132) (
13. c5 a5 14. bxa5 dxc5 15. a6 b6 16. a4 h6 17. Ne6 Bxe6 18. dxe6 Qd4+ 19. Qxd4
exd4 20. e5 Ne8 21. Nb5 $13 {0-1 Kotanjian,T-Voitsekhovsky,S/St Petersburg
2002/EXT 2003 (44)}) 13... h6 14. Ne6 Bxe6 15. dxe6 {Ftacnik: 'The pawn on e6
can become weak, but also very unpleasant factor depending on the results of
the play with other pieces. '} fxe4 16. fxe4 Nc6 17. Nd5 Ng8 ({Not} 17... Nxe4
$2 18. Qd3 Nf6 19. Qxg6 $16) 18. Bd3 (18. Rf1 Rxf1+ 19. Bxf1 Nd4 20. Qg4 c6 $15
{[%csl Re6]}) 18... Nd4 19. Qg4 g5 ({Badly is} 19... c6 $2 {in view of obvious
piece sacrifice:} 20. Qxg6 cxd5 21. exd5 Nf6 22. Bxh6 $16 {[%csl Rh8][%cal
Ge1f1]}) (19... Kh7 $6 {Ftacnik} 20. Be3 Nf6 21. Qh3 $16) 20. Qh3 {'?!'
Ftacnik. Ftacnik: 'Ponomariov was really suffering in Wijk and it was not only
because of the feud with FIDE. In chess sense he was clearly out of form and
was often choosing weaker solutions.'} (20. h4 $1 {Ftacnik} gxh4 21. Be3 Nf6 $1
(21... c6 {Ftacnik} 22. Bxd4 exd4 (22... cxd5 {Ftacnik} 23. exd5 exd4 24. Qg6
Nf6 25. e7 $18) 23. e5 $18) 22. Qxh4 Nxe6 23. Bxh6 Kg8 $14) 20... c6 21. Ne3
Qf6 22. Ng4 ({Probably better was} 22. Nf5 Nxe6 23. Rf1 Nf4 24. Bxf4 exf4 (
24... gxf4 {Ftacnik} 25. c5 $11) 25. c5 $1 {It is very easy to be clever
afterward, to estimate this position wasn't easy. g5-g4 threat looks dangerous,
but it isn't.} Ne7 26. Nxd6 a5 (26... g4 $2 27. Qxg4 Qd4+ 28. Kh1 Qxd3 29. Qd7
$1 $18 {[%csl Rd3,Re7][%cal Gd6f7]}) 27. bxa5 (27. a3 axb4 28. axb4 Ra3 $17 {
[%cal Ga3h3]}) 27... Rxa5 28. Qd7 Ng6 29. Rxb7 Ne5 {[%csl Rd3][%cal Ge5d3]} 30.
Qc7 $132 {[%csl Ra5][%cal Gc7a5]}) 22... Qe7 ({Approximately equal position
after} 22... Qxe6 23. Bxg5 Nf6 24. Bxf6 Rxf6 25. Nxf6 Qxh3 26. gxh3 Nf3+ $11)
23. Be3 $6 (23. Ne3 $142 Qxe6 24. Qxe6 Nxe6 25. Nf5 Rad8 26. Be3 $44) 23...
Nxe6 24. g3 Qd7 (24... Nd4 {[%cal Gd4f3]} 25. Rf1 Qe6 $15 26. Bxd4 exd4 27. Rf5
$11) 25. Rf1 d5 $6 $44 {This move allows pair of BB to play.} (25... Nd4 $142
$15) 26. Rf5 $2 $17 {Ftacnik: 'The real reason behind white's loss, any other
solution of problems in the center was stronger.'} ({Why not} 26. cxd5 $1 cxd5
27. Rxf8 (27. Rbc1 $5 $44) (27. Rbd1 {Ftacnik} Rxf1+ 28. Bxf1 d4 29. Bc4 $13)
27... Rxf8 28. Bxa7 Rf3 {[%csl Rd3][%cal Ge6f4,Gf4h3]} 29. Ne3 (29. Be2 Nf4 $19
) (29. Nf2 Nf6 30. exd5 Qxd5 $17) 29... d4 30. Bc4 Rxe3 31. Bxe6 Qc7 {[%csl
Ra7][%cal Gb7b6]} 32. Rf1 $44) (26. exd5 $5 {Ftacnik} cxd5 27. Nf2 Rae8 28.
Rbd1 $11) 26... dxc4 27. Bxc4 Nd4 28. Rxf8 Rxf8 {[%csl Rh3] White BB still
aren't dangerous, Qh3 is allocated passive.} 29. Qh5 $6 $19 ({More stubborn was
} 29. Kg2 Qe8 $17 {[%csl Rh3]}) 29... Qd6 30. Kg2 b5 {Ftacnik: 'Excellent move,
after which Radjabov will definitely start decisive counter attack.'} 31. Bf7
Nc2 32. Bc5 Qd2+ 33. Nf2 ({Loses} 33. Kg1 Ne1 34. Nf2 Nf6 35. Qg6 Ng4 36. h3
Nxf2 37. Bxf2 Nf3+ 38. Kg2 g4 39. h4 Qe2 $19 {[%csl Rg2][%cal Gf3d2]}) 33...
Nf6 34. Qg6 ({In case of} 34. Rd1 Ne3+ {Black eventually wins:} 35. Bxe3 Qxe3
36. Qg6 Qe2 37. h3 Qb2 $1 {[%cal Gb2e5]} 38. a3 g4 $1 ({Not} 38... Nxe4 39.
Qxe4 Rxf7 40. Rd8+ Bf8 41. Qe3 Kg7 $17) 39. hxg4 Nxg4 40. Qxg4 Rxf7 41. Rf1
Qxa3 42. Qc8+ Rf8 43. Qxc6 Qxb4 $19) 34... Ng4 $1 {Better than} (34... Nxe4 $2
35. Rd1 Qe2 36. Qxe4 Qxe4+ 37. Nxe4 Rxf7 $17) 35. Kg1 Nce3 36. Bxe3 Nxe3 37. h4
Qe2 38. Qh5 g4 0-1

[Event "Corus"]
[Site "Wijk aan Zee"]
[Date "2003.01.24"]
[Round "11"]
[White "Radjabov, Teimour"]
[Black "Shirov, Alexei"]
[Result "1/2-1/2"]
[WhiteElo "2624"]
[BlackElo "2723"]
[PlyCount "117"]
[EventDate "2003.01.11"]
[EventType "tourn"]
[EventRounds "13"]
[EventCountry "NED"]
[EventCategory "18"]
[SourceTitle "CBM 093"]
[Source "ChessBase"]
[SourceDate "2003.04.01"]
[SourceVersion "1"]
[SourceVersionDate "2003.04.01"]
[SourceQuality "1"]

1. d4 d5 2. c4 c6 3. Nc3 Nf6 4. e3 e6 5. Nf3 Nbd7 6. Bd3 dxc4 7. Bxc4 b5 8. Bd3
Bb7 9. e4 b4 10. Na4 c5 11. e5 Nd5 12. O-O cxd4 13. Nxd4 Nxe5 14. Bb5+ Nd7 15.
Qh5 N5f6 16. Nxe6 Nxh5 17. Nxd8 Rxd8 18. Re1+ Be7 19. Nc5 Bc8 20. Bg5 Nhf6 21.
Rad1 a6 22. Ba4 h6 23. Bxf6 gxf6 24. Nxd7 Bxd7 25. Rxd7 Rxd7 26. Rd1 O-O 27.
Rxd7 Rc8 28. g3 Kf8 29. Bb3 Rd8 30. Ra7 Rd2 31. Rxa6 Rxb2 32. Ra7 Rd2 33. Rc7
Rd3 34. Kg2 Rd8 35. Kf3 Ra8 36. Kg4 Ra5 37. f4 Rb5 38. Rd7 Rc5 39. Rb7 Ra5 40.
Kh4 Rf5 41. Rb8+ Kg7 42. Re8 Bf8 43. Rd8 Be7 44. Rd7 Kf8 45. Kg4 Rc5 46. Rb7
Ra5 47. Bc4 h5+ 48. Kh4 Rf5 49. Bb3 Ra5 50. Rd7 Rb5 51. Ra7 Rc5 52. Ra8+ Kg7
53. Re8 Bd6 54. Re4 Rc8 55. Rd4 Rd8 56. Rd5 Be7 57. Ra5 Rd2 58. Kh3 Kg6 59. Rd5
1/2-1/2

[Event "Linares 20th"]
[Site "Linares"]
[Date "2003.02.23"]
[Round "2"]
[White "Kasparov, Garry"]
[Black "Radjabov, Teimour"]
[Result "0-1"]
[WhiteElo "2847"]
[BlackElo "2624"]
[Annotator "Ftacnik,L"]
[PlyCount "78"]
[EventDate "2003.02.22"]
[EventType "tourn"]
[EventRounds "14"]
[EventCountry "ESP"]
[EventCategory "20"]
[SourceTitle "CBM 094"]
[Source "ChessBase"]
[SourceDate "2003.05.26"]
[SourceVersion "1"]
[SourceVersionDate "2003.05.26"]
[SourceQuality "1"]

1. e4 e6 2. d4 d5 3. Nc3 Nf6 4. e5 Nfd7 5. f4 c5 6. Nf3 Nc6 7. Be3 a6 8. Qd2 b5
9. a3 Qb6 10. Ne2 {With this move the game is leaving the known theoretical
continuations and the closed center will contribute to the distinct character
of the French defense.} c4 11. g4 h5 (11... b4 12. Bg2 bxa3 13. bxa3 Rb8 14.
O-O $13) 12. gxh5 (12. g5 g6 13. Bg2 a5 $11) 12... Rxh5 13. Ng3 Rh8 14. f5 $5 {
Naturally Kasparov has with white pieces high ambitions against Radjabov and
thus he sharply marches forward.} exf5 (14... b4 15. fxe6 fxe6 16. axb4 Bxb4
17. c3 $14) 15. Nxf5 Nf6 16. Ng3 (16. exf6 Bxf5 17. fxg7 Bxg7 18. Rg1 Bf6 $11)
(16. Nxg7+ Bxg7 17. exf6 Bxf6 18. Bg2 Bg4 $11) 16... Ng4 17. Bf4 Be6 18. c3 (
18. Bg2 Be7 19. h3 Nh6 $13) 18... Be7 19. Ng5 O-O-O (19... Bxg5 20. Bxg5 Na5
21. Rd1 f6 22. exf6 Nxf6 $13) 20. Nxe6 fxe6 21. Be2 (21. Qe2 $5 Nh6 22. O-O-O
$14) 21... Ngxe5 $5 {So far nobody was sucessful against Kasparov without a
sound portion of selfconfidence and risk. Black is chosing probably not the
best, but surely the most provocative move.} (21... Nxh2 22. Nh5 g6 23. Nf6
Bxf6 24. exf6 Ng4 25. Rxh8 Rxh8 26. Bxg4 Rh1+ 27. Ke2 Rxa1 28. f7 Qd8 29. Bh6
Rh1 30. Qe3 $18) (21... Rxh2 22. Rxh2 Nxh2 23. O-O-O Na5 24. Qe3 $14) (21...
Nh6 22. O-O-O $14) 22. Qe3 (22. dxe5 d4 23. cxd4 Rxd4 24. Qc1 (24. Qe3 Rf8 25.
Bg5 Bxg5 26. Qxg5 Qa5+ $19) 24... Na5 25. Be3 Nb3 26. Bxd4 (26. Qc3 Nxa1 27.
Bxd4 Qxd4 28. Qxd4 Nc2+ 29. Kf2 Nxd4 $19) 26... Qxd4 27. Qd1 Qe3 $19) (22. Bxe5
$5 Nxe5 23. dxe5 Qc7 24. O-O-O (24. Qe3 Bc5 25. Qg5 Be7 26. Qxg7 Rdg8 27. Qf7
Rxg3 28. Qxe6+ Kb8 29. Qxa6 Qc5 30. O-O-O $16) 24... Qxe5 25. Kb1 $16) 22...
Nd7 23. Qxe6 Bh4 24. Qg4 (24. Qxd5 Rde8 25. Kd1 Nf6 26. Qf3 $16) 24... g5 25.
Bd2 (25. Bxg5 Rdg8 26. Qxh4 Rxh4 27. Bxh4 Qc7 $15) 25... Rde8 (25... Na5 $5 26.
O-O-O (26. Rf1 Nb3 $17) 26... Bxg3 27. Qxg3 Qg6 28. b4 cxb3 29. Bd3 Qc6 $15)
26. O-O-O Na5 27. Rdf1 $2 {[%mdl 8192] Kasparov not only refused to accept the
piece sacrifice, but in the sharp position commited the serious tactical
oversight. It seems only logical, that white king will not feel very safe on
the d1 square.} (27. Kb1 Qg6+ 28. Ka2 Qe6 (28... Bxg3 29. hxg3 Rxh1 30. Rxh1
Qc2 31. Qxg5 (31. Qh5 Re7) 31... Rxe2 32. Rh8+ Kb7 (32... Kc7 33. Qd8+ Kc6 34.
Rh6+ $18) 33. Qxd5+ Kb6 (33... Nc6 34. Qxd7+ Kb6 35. Rh6 $18) 34. Rh6+ (34.
Qxd7 $2 Qb3+ 35. Kb1 Qd1+ 36. Bc1 Rxb2+ $1 37. Kxb2 Qe2+ 38. Kb1 Qd3+ $11)
34... Ka7 35. Qxd7+ Nb7 36. Qc6 Qb3+ 37. Kb1 Qd1+ 38. Bc1 $18) 29. Qxe6 Rxe6
30. Bg4 Rf6 $11) 27... Nb3+ 28. Kd1 Bxg3 $1 29. Rf7 (29. hxg3 Qg6 $1 30. Bc1
Qb1 31. Qxg5 Nxc1 32. Qxc1 Qe4 $19) 29... Rd8 (29... Qe6 $6 30. Qxe6 Rxe6 31.
Bg4 Rd6 32. Bxg5 Rxh2 33. Rxh2 Bxh2 34. Rh7 Bg3 35. Be7 $14) 30. Bxg5 (30. Qxg3
Qg6 $19) 30... Qg6 31. Qf5 (31. Rf5 Rde8 $19) 31... Qxf5 32. Rxf5 Rdf8 33.
Rxf8+ {Not even a great deal of chess phantasy can help in the position, where
white simply misses the whole piece.} (33. Rxd5 Nb6 34. Bg4+ Kc7 35. Rf5 Rxf5
36. Bxf5 Rxh2 $19) 33... Nxf8 34. Bf3 (34. h4 Nh7 35. Rg1 Nxg5 36. hxg5 Bf2 $19
) 34... Bh4 35. Be3 (35. Bxh4 Rxh4 36. Bxd5 Nxd4 $1 $19) 35... Nd7 36. Bxd5 Re8
37. Bh6 Ndc5 $1 38. Bf7 Re7 39. Bh5 Nd3 0-1